000 00392pab a2200145 454500
008 180718b2000 xxu||||| |||| 00| 0 eng d
100 _aBuckley, Helen
245 _aWorking together to protect children: evaluation of an inter-agency training programme
260 _c2000
300 _ap.24-42
362 _aSummer
650 _aChild welfare
773 _aAdministration
909 _a46358
999 _c46358
_d46358